[Event "EU-Cup 25th"]
[Site "Ohrid"]
[Date "2009.10.04"]
[Round "1.1"]
[White "Onischuk, Alexander"]
[Black "Kovacs, Gabor H"]
[Result "1-0"]
[WhiteElo "2699"]
[BlackElo "2516"]
[Annotator "Krasenkow,M"]
[PlyCount "99"]
[EventDate "2009.10.04"]
[EventType "team-swiss"]
[EventRounds "7"]
[EventCountry "MKD"]
[SourceTitle "CBM 133"]
[Source "ChessBase"]
[SourceDate "2009.11.19"]
[SourceVersion "1"]
[SourceVersionDate "2009.11.19"]
[SourceQuality "1"]
[WhiteTeam "Kiev Kievchess"]
[BlackTeam "Szombathely"]
[WhiteTeamCountry "UKR"]
[BlackTeamCountry "HUN"]

1. d4 d5 2. c4 e6 3. Nc3 Be7 4. cxd5 exd5 5. Bf4 c6 6. e3 Bd6 {This loss of a
tempo is hardly good.} 7. Bxd6 Qxd6 8. Bd3 Ne7 (8... Nf6 {- see CBM 100,
annotations to Gustafsson - Baramidze by GM R.Dautov.}) 9. Qc2 (9. f3 $5 b6 (
9... Nf5 10. Qd2 Qh6 11. Bxf5 Bxf5 12. Nge2 Na6 13. O-O-O O-O-O 14. g4 Bd7 15.
h4 Qd6 16. Nf4 $14 {1-0 Kasparov,G (2812)-Karpov,A (2619)/Valencia ESP 2009/
The Week in Chess 777 (51)}) 10. Nge2 Ba6 11. e4 f6 12. exd5 (12. O-O O-O 13.
Rc1 $14) 12... Bxd3 13. Qxd3 cxd5 14. O-O O-O 15. f4 f5 $11 {0-1 Kasparov,G 
(2812)-Karpov,A (2619)/Valencia ESP 2009/The Week in Chess 777 (60)}) (9. Qf3
$5 Nd7 10. Nge2 Nf6 11. Qg3 Qxg3 12. Nxg3 Be6 13. Ke2 O-O 14. Rhc1 Rfc8 15. Na4
Nd7 16. Nc5 Nxc5 17. Rxc5 a5 18. Rac1 $14 {1/2 Gonda,L (2502)-Kovacs,G (2499)/
Hungary 2008/EXT 2009 (38)}) 9... g6 {[%cal Yc8f5]} (9... Nd7 10. Nge2 (10. Nf3
Nf6 11. h3 (11. Ne5 Ng4 12. Nxg4 Bxg4 13. O-O Bh5 14. e4 dxe4 15. Nxe4 Qxd4 16.
Ng3 Bg4 (16... O-O-O $1 17. Bf5+ Kb8 18. Nxh5 g6 $15) 17. Rfe1 Be6 18. Bf5
O-O-O 19. Bxe6+ fxe6 20. Rxe6 $11 {1-0 Knaak,R (2500)-Petrosian,A (2345)/
Leipzig 1977/EXT 2000 (51)}) 11... g6 12. g4 Be6 13. O-O-O Nd7 (13... O-O 14.
Kb1 Nd7 15. Rhg1 Rac8 16. Nh4 c5 17. Nf5 Bxf5 18. gxf5 $36 {1-0 Knaak,R (2477)
-Baier,S (2247)/Germany 2008/CBM 126 Extra (46)}) 14. Kb1 h5 15. Ng5 Nf6 16. f3
O-O-O 17. Ne2 (17. Nb5 $5 Qd7 18. Nxa7+ Kb8 19. Qc5) 17... Nh7 18. Nxh7 Rxh7
19. Nf4 hxg4 20. hxg4 Rdh8 $11 {1/2 Guseinov,E (2391)-Burmakin,V (2552)/Dubai
2005/CBM 105 ext (32)}) 10... Qh6 (10... h6 $6 11. O-O O-O 12. a3 a5 13. Rad1
b6 14. e4 dxe4 15. Nxe4 Qb8 $6 16. N2c3 Ba6 17. Bxa6 Rxa6 18. d5 $16 {1-0
Kasparov,G (2812)-Karpov,A (2619)/Valencia ESP 2009/The Week in Chess 777 (28)}
) (10... Nf6 11. f3 $5 O-O 12. O-O Bd7 13. e4 dxe4 14. Nxe4 Nxe4 15. fxe4 Rad8
16. h3 Ng6 17. Rad1 Be6 18. a3 Qe7 19. b4 Rd7 20. Qc3 Rfd8 21. a4 f6 22. Bc2
$14 {1-0 Vaisser,A (2525)-Kharitonov,A (2520)/Novosibirsk 1989/EXT 1997 (62)})
11. Ng3 Nb6 12. Nce2 $6 (12. b4) 12... Bd7 13. Qb3 $6 O-O 14. O-O Rab8 15. Qa3
Nbc8 16. Qa5 a6 17. Qc7 Qd6 18. Qxd6 Nxd6 19. Rfc1 a5 20. Rc2 {1/2 Janjgava,L 
(2470)-Levin,F (2305)/Leningrad 1989/TD}) (9... Qf6 $5 {[%cal Yc8f5]} 10. Nf3 (
10. Nge2 Bf5 11. b4 (11. Nf4 Bxd3 12. Nxd3 Nd7 13. O-O-O O-O-O 14. Kb1 Kb8 15.
Rc1 Nf5 16. Na4 Nd6 $11 {1-0 Kalesis,N (2398)-Mastrovasilis,A (2441)/Patras
2001/CBM 083 ext (53)}) 11... a6 12. a4 Nd7 13. O-O O-O 14. b5 axb5 15. axb5
Nb6 16. bxc6 bxc6 17. Ng3 Bg6 (17... Bxd3 $142) 18. h3 Nc4 $6 19. Bxg6 $6 (19.
Nge4 $1 $14) 19... Qxg6 20. Qxg6 hxg6 $11 {1/2 Seirawan,Y (2621)-Kasimdzhanov,
R (2652)/Dordrecht 2004/EXT 2006 (33)}) (10. Rc1 $5 Nd7 11. Nge2 Nb6 12. e4 Qh6
13. e5 f6 14. O-O fxe5 15. dxe5 O-O 16. f4 Bf5 17. Rf3 Rad8 18. b4 Nc4 {
1/2 Aleksandrov,A (2627)-Kasimdzhanov,R (2672)/Germany 2006/EXT 2007}) 10...
Bf5 11. Bxf5 Qxf5 12. Qb3 b6 13. Qa3 Qe6 14. O-O O-O 15. Rae1 Ng6 16. e4 dxe4
17. Rxe4 Qf5 18. Rfe1 $14 {0-1 Deze,A (2395)-Simic,R (2515)/Brezovica 1988/EXT
2009 (58)}) (9... Bg4 10. f3 Bh5 11. Nge2 Bg6 12. e4 dxe4 (12... Nd7 13. O-O
O-O 14. Rad1 dxe4 15. Nxe4 (15. fxe4 $14) 15... Qb4 16. Qc3 Nd5 17. Qxb4 Nxb4
$11 {1/2 Chernin,A (2587)-Kovacs,G (2499)/Hungary 2007/EXT 2009 (29)}) 13. fxe4
Nd7 14. O-O-O (14. O-O $5 O-O 15. Rad1 c5 16. e5 Bxd3 17. Rxd3 Qh6 18. Nf4 $36)
14... O-O 15. g4 c5 $1 16. h4 h5 17. e5 $14 {1/2 Lerner,K (2530)-Lobron,E 
(2530)/Amsterdam 1988/CBM 009 (60)}) (9... b6 $5 10. Nf3 Ba6 11. O-O (11. Bxa6
Nxa6 12. O-O O-O 13. Rfd1 (13. a3 Nc7 14. Na4 Rfc8 15. Rfe1 Qg6 16. Rac1 Nb5 {
1/2 Horvath,P (2457)-Kayumov,S (2434)/Budapest 2003/CBM 097 ext}) 13... Nc7 14.
Rab1 Rfc8 15. b4 Nb5 16. Rb3 Nxc3 17. Qxc3 Rc7 18. Rc1 Rac8 19. Qb2 Ng6 20.
Rbc3 Nf8 21. Ne5 c5 (21... Ne6 $5) 22. bxc5 bxc5 23. Rxc5 Rxc5 24. dxc5 Rxc5
25. Rxc5 Qxc5 26. h3 $14 {1/2 Lerner,K (2530)-Lputian,S (2585)/Moscow 1992/CBM
033 (34)}) 11... Bxd3 12. Qxd3 Nd7 (12... O-O 13. e4 $5 (13. Rac1 Nd7 14. Rc2
Qg6 15. Qxg6 hxg6 16. Ne2 f6 17. h4 Kf7 18. Nf4 Rfd8 19. Rfc1 Nf8 20. Ne1 {
1/2 Harikrishna,P (2563)-Kasimdzhanov,R (2680)/Mumbai 2003/CBM 093 ext})) 13.
e4 O-O 14. e5 Qe6 15. Rae1 Rfe8 16. Nh4 Ng6 17. Nxg6 Qxg6 18. Qd2 Nf8 19. f4
$14 {1-0 Carlsen,M (2772)-Jakovenko,D (2742)/Nanjing CHN 2009/The Week in
Chess 779 (38)}) (9... Be6 10. Nge2 Nd7 11. Nf4 g6 12. Nxe6 Qxe6 13. O-O O-O
14. Rfc1 Rac8 15. b4 Qd6 16. Na4 Rfe8 17. Rab1 Kg7 18. Qb3 $14 {1/2
Steingrimsson,H (2540)-Dambacher,M (2485)/Germany 2009/CBM 129 Extra (43)}) 10.
f3 {White prepares e3-e4. The same move will meet 10...Bf5.} (10. Nge2 Bf5 11.
O-O O-O 12. f3 Bxd3 13. Qxd3 Nd7 14. e4 f6 15. Rad1 Rae8 16. Rfe1 Nb6 17. b3
Kh8 18. Ng3 Ng8 19. Nf1 Re7 20. Ne3 Rfe8 $132 {0-1 Timoscenko,G (2475)-Fokin,S/
Novosibirsk 1986/EXT 2000 (45)}) (10. Qb3 Nd7 11. Nf3 O-O 12. O-O Nf6 13. Ne5
Rb8 14. Qc2 Ng4 15. Nf3 Nf6 16. Rab1 a5 17. h3 Bf5 18. Ne5 Nd7 19. Bxf5 Nxf5
20. Nd3 Qe7 21. a4 Nd6 $11 {1/2 Sokolov,I (2425)-Sifrer,D (2355)/Portoroz 1987/
CBM 005 (32)}) (10. Nf3 Bf5 11. Bxf5 (11. O-O O-O 12. Rab1 Bxd3 13. Qxd3 Nd7
14. Rfc1 Nb6 15. Qc2 Nec8 16. Ne5 Qe7 17. Na4 Nd6 {1/2 Akobian,V (2417)
-Grigoriants,S (2451)/Bor 2000/EXT 2001}) 11... Nxf5 12. O-O-O (12. g4 Ne7 13.
O-O-O Nd7 14. Kb1 Qf6 15. Qe2 O-O-O 16. h4 h5 17. g5 Qe6 18. Ka1 Nf5 $11 {
1-0 Bernasek,J (2517)-Zeberski,J (2437)/Olomouc 2007/CBM 119 ext (51)}) 12...
Na6 13. Kb1 O-O-O 14. Ne5 Qe6 15. Ka1 Kb8 16. Nd3 Qe7 17. Na4 Nd6 18. h4 h5 19.
Ne5 Rc8 20. Nc3 Rhd8 21. a3 Nc7 22. f3 Ncb5 $11 {1/2 Jobava,B (2658)-Lputian,S
(2601)/Yerevan 2008/CBM 125 Extra (55)}) 10... Nd7 (10... Bf5 $6 11. e4 dxe4
12. fxe4 Bg4 13. Qf2 Nd7 14. h3 Be6 15. Nge2 $14 {1-0 Necevski,A (2289)
-Miljkovic,M (2266)/Nis 2009/CBM 129 Extra (29)}) 11. Nge2 Nb6 (11... c5 12.
Nb5 Qb6 13. dxc5 Nxc5 14. Rc1 Nxd3+ 15. Qxd3 O-O 16. O-O Bd7 17. Nbd4 $14 {
1/2 Vareille,F (2398)-Delaunay,S (2315)/France 2003/EXT 2004 (57)}) (11... O-O
12. O-O c5 13. Qd2 a6 14. Rad1 cxd4 15. exd4 Nf6 16. g4 Kg7 17. Qf4 Rd8 18.
Rfe1 b5 19. Qxd6 Rxd6 20. Nf4 Kf8 21. h4 $14 {1-0 Kasparov,G (2812)-Karpov,A 
(2619)/Valencia ESP 2009/The Week in Chess 777 (33)}) 12. e4 $14 {[%mdl 32]}
Qf6 (12... f6 {is more logical.}) 13. O-O O-O 14. Rae1 Qh4 15. Qc1 Bd7 16. g3
Qf6 17. e5 Qg7 18. Nf4 Rae8 19. Rf2 Nf5 (19... Bf5 20. g4 $1 Bxd3 21. Nxd3 {
[%cal Rd3c5]}) 20. Bxf5 $1 {A standard decision in such positions. The black
bishop will be bad, and the weakness of the dark squares will be painful.} Bxf5
21. g4 Bc8 22. g5 $5 {But this decision is far from usual. White gives up the
f5 square to prevent ...f7-f6.} (22. Rfe2 {[%cal Yh2h4] was "normal".}) 22...
Be6 (22... h6 23. gxh6 Qxh6 24. Nfxd5 $1 Qxc1 25. Nf6+ Kh8 26. Rxc1 Rd8 27. Rd1
$16) (22... Kh8 {[%cal Yh7h6]} 23. h4 (23. Nfe2 $5) 23... h6 24. Rh2 $5 h5 25.
Nfe2 {[%cal Ye2g3,Yf3f4,Yf4f5]}) 23. h4 Rc8 (23... Nc8 24. h5 {[%cal Yh5h6]})
24. b3 (24. h5 Rfe8 25. h6 $140 Qf8) 24... Rfe8 25. Qe3 Qf8 26. Nce2 Qa3 27. h5
Qe7 (27... Qxa2 28. Nxe6 Rxe6 29. Nf4 $18) 28. Rh2 Nd7 29. Kf2 Nf8 30. Reh1 Rc7
31. Ng3 {Full concentration on the kingside.} Qa3 (31... c5 32. Nfe2 $16 {
[%cal Yf3f4]}) 32. Qd2 c5 {The only plan of counterplay but this move weakens
the d5-pawn.} 33. Nfe2 (33. Nge2 Qb4 $1 (33... c4 34. Nc3 $1 {[%cal Rc3b5,
Rc3d5]} Qa5 (34... cxb3 35. Nb5 Rc2 36. Qxc2 $18) 35. Kg3 $18 {[%cal Rc3d5]})
34. Rd1 $1 $40 {[%csl Rd5]}) 33... c4 34. bxc4 Rxc4 35. Rb1 b6 36. Nf1 $1 Rec8
37. Ne3 {[%csl Ge3] The ideal place for this knight: it protects the c2 and c4
squares, attacks the d5-pawn, keeps an eye on the g4-square and doesn't
obstruct f3-f4-f5.} R4c7 ({If} 37... Ra4 38. Rb2 Nd7 {then White suddenly
"changes sides":} 39. Rh1 $1 a6 40. h6 b5 41. Rc1 {, and the invasion along
the c-file must decide the game.}) 38. Rb3 Qa4 39. Rb2 Qd7 40. Nf4 Rc3 41. Rh1
Ra3 {Giving up the c-file. It was better to wait but then White could
gradually prepare f3-f4-f5.} 42. hxg6 $2 (42. Rc1 $142 $1 Rxc1 43. Qxc1 Qe7
$140 (43... Qd8 44. Nxe6 fxe6 45. Rc2 Ra4 46. Ng4 $18) 44. Nexd5 Qxg5 45. Nf6+
Kg7 (45... Kh8 46. Nxg6+) 46. Nxe6+ Nxe6 47. h6+ $1 Kxh6 48. Qh1+ $18) (42. Ne2
$5 {[%cal Yf3f4,Yf4f5]}) 42... fxg6 43. Rc1 Rxc1 44. Qxc1 Qe7 {Missing a
chance of counterplay:} (44... Qf7 $5 45. Rd2 $1 (45. Ne2 $2 Bg4 $3) 45... Qxf4
$1 (45... Ra5 46. Ne2 $16) 46. Qxa3 Bg4 (46... Qxg5 47. Qxa7 Qh4+ 48. Ke2 Qh2+
49. Kd3) 47. Nf1 Bh3 $132) 45. Nxe6 (45. Rc2 Qxg5 46. Qxa3 Qxf4 $44) 45... Qxe6
$4 (45... Nxe6 $1 46. Nxd5 (46. Qc8+ Kg7 $1 47. Nxd5 Qf8 $1 48. Qd7+ Qf7) 46...
Qxg5 47. Qc8+ (47. Qxg5 Nxg5 48. f4 $6 Ne6 $15) 47... Nd8 $8 (47... Nf8 48.
Nf6+ Kg7 49. Qxf8+ $1 Kxf8 50. Nxh7+ $18) 48. Nc3 $1 Kg7 $5 $14) 46. Ng4 $18
Ra4 (46... h5 47. Nf6+ Kh8 48. Re2 $1 (48. Rc2 $2 Qf5 49. Qxa3 Qxc2+ 50. Kg3
Ne6 {[%cal Rh5h4]}) (48. Qf4 Qf5) 48... Ra4 49. Qf4 $18 {[%cal Re2c2,Rf6d5]}
Qf5 $140 50. Qxf5 gxf5 51. e6) 47. Qf4 Rc4 (47... Nd7 48. Nf6+ Kg7 (48... Nxf6
49. exf6 {[%cal Rf4b8,Rb2e2]}) 49. Rc2 Rc4 50. Rxc4 dxc4 51. Nxd7 Qxd7 52. Qf6+
Kg8 53. e6 Qe8 54. d5 $18) 48. Nh6+ Kg7 49. Qf6+ Qxf6 50. exf6+ (50. exf6+ Kh8
51. Re2 Rc8 52. Re7 $18 {[%cal Re7g7]}) 1-0

[Event "Poikovsky Karpov 11th"]
[Site "Poikovsky"]
[Date "2010.06.02"]
[Round "1"]
[White "Sutovsky, Emil"]
[Black "Jakovenko, Dmitrij"]
[Result "1/2-1/2"]
[WhiteElo "2661"]
[BlackElo "2725"]
[Annotator "Krasenkow,M"]
[PlyCount "116"]
[EventDate "2010.06.02"]
[EventType "tourn"]
[EventRounds "11"]
[EventCountry "RUS"]
[EventCategory "18"]
[SourceTitle "CBM 137"]
[Source "ChessBase"]
[SourceDate "2010.07.15"]
[SourceVersion "1"]
[SourceVersionDate "2010.07.15"]
[SourceQuality "1"]

1. d4 d5 2. c4 e6 3. Nc3 Be7 4. cxd5 exd5 5. Bf4 c6 6. Qc2 Bd6 7. Bxd6 Qxd6 8.
e3 Ne7 9. Bd3 b6 10. Nf3 Ba6 11. O-O Bxd3 12. Qxd3 O-O 13. e4 Nd7 {For this
line - see Carlsen - Jakovenko in CBM 133.} (13... dxe4 $5 14. Nxe4 Qd5) 14.
Rfe1 {GM Emil Sutovsky probably came to the conclusion that this move was more
promising than} (14. e5 {, although it worked well in the above-mentioned game:
} Qe6 15. Rae1 Rfe8 16. Nh4 Ng6 17. Nxg6 Qxg6 18. Qd2 Nf8 19. f4 Qf5 $2 (19...
f5) 20. Nd1 f6 21. Ne3 $16 {1-0 Carlsen,M (2772)-Jakovenko,D (2742)/Nanjing
2009/CBM 133/[Krasenkow] (38)}) 14... dxe4 $146 {[%csl Rd4] It is logical to
isolate White's d4-pawn. Without the light-squared bishops on the board, it
will be rather weak, and Black's control of the d5-square will be an important
factor.} (14... Rfe8 15. e5 $1 (15. exd5 $6 Nxd5 16. Rac1 Nf4 17. Qf5 Rxe1+ 18.
Rxe1 Ne6 $11 {0-1 Kluwe,M (1421)-Brousek,J (2214)/IECG 2005/Telechess CBM 115 
(41)})) 15. Nxe4 Qg6 16. Rac1 {[%csl Rc6] Black's weak c6 pawn does compensate
for White's isolated central pawn but hardly more than that.} Nd5 {[%csl Gd5]
[%cal Rd5f4]} 17. Nh4 Qg4 18. Qg3 Qxg3 19. hxg3 Rfc8 20. Re2 (20. Nf5 $5 Rc7 $1
$11) 20... Nf8 21. Nd6 Rc7 22. Rec2 Ne6 23. Nf3 $2 {White overestimates his
position and gets into trouble.} (23. Rxc6 $142 Rxc6 24. Rxc6 Nxd4 $11) 23...
Rd8 $1 24. Nf5 (24. Rxc6 $2 Rxd6) (24. Ne4 Nb4 25. Rc4 Nxa2 26. R1c2 c5 $1 {
[%cal Ra2b4,Rb6b5]}) 24... g6 (24... Nb4 $5 25. Rd2 (25. Rc4 a5 {[%cal Rb6b5]})
25... Nxa2 26. Rxc6 Nb4 $17 {- Black trades his weak pawn, and White's
weakness remains on the board. But the intermediate text move is also strong.})
25. Ne3 Nb4 $1 26. Rc4 Nxa2 {Black wins a pawn but White obtains counterplay.}
(26... a5 $5 27. a3 (27. d5 Nc5 28. dxc6 Nxa2) 27... b5 28. axb4 bxc4 29. bxa5
Nxd4 $17) 27. R1c2 b5 {Here, too, Black had a good alternative:} (27... c5 $5
28. d5 b5 29. Re4 {[%cal Rb2b3]} Nb4 30. dxe6 Nxc2 31. exf7+ Rxf7 32. Nxc2 Rd1+
33. Nce1 a5 $17 {[%csl Ga5,Gb5,Gc5]}) 28. Rxc6 Rxc6 29. Rxc6 Nb4 $1 (29... Nxd4
30. Ra6) 30. Rc1 Nxd4 (30... a5 $5) 31. Rc7 $1 $132 Nxf3+ (31... a5 32. Nxd4
Rxd4 33. Rc5) (31... a6 32. Ng5 $5 Ne6 33. Nxe6 fxe6 34. Ng4 $132) 32. gxf3 Nd5
$6 {The rook endgame "3 vs 3 + b-pawn" appears to be drawn.} (32... a5 33. Rb7
Rd2 34. Rxb5 Nd3 35. Rxa5 Rxb2 36. Ng4 h5 37. Rd5 $1 $11) ({Probably Black
should try} 32... a6 {although after} 33. Ng4 $1 {White creates counterplay
against the black king. E.g.} Kf8 (33... Kg7 34. Ne5 Kf6 35. f4) 34. Ne5 Rd1+
35. Kg2 Nd3 36. Nxf7 (36. Nxd3 Rxd3 37. Ra7 Rd6 $5) 36... Rd2 {The position is
sharp but Black retains winning chances.}) 33. Rxa7 Nxe3 34. fxe3 {[%mdl 4096]}
Rd3 35. Re7 Kf8 36. Re5 Rb3 37. Kg2 Rxb2+ 38. Kh3 b4 39. Rb5 Ke7 40. Rb7+ Ke6
41. e4 b3 42. f4 h6 43. Rb6+ Kd7 44. e5 Kc7 45. Rb4 Kc6 46. Rb8 Kc5 47. Rb7 Kc6
48. Rb8 Kc5 49. Rb7 Rb1 50. Kg2 Kc4 (50... b2 {is the most important winning
attempt. Black will now try to create a passed f-pawn or liquidate into the
winning pawn endgame. However, it proves impossible:} 51. Rb8 Kd4 52. Rb7 g5
53. Rb8 gxf4 (53... Kc3 54. Rc8+ Kd3 55. Rb8) 54. gxf4 h5 55. Rb7 h4 56. Rb8
h3+ 57. Kh2 Ke4 58. Rb7 $11) 51. Rxf7 {Now White's passed e5-pawn guarantees
him sufficient counterplay.} Re1 52. Rb7 Kc3 53. Rc7+ Kd3 54. Rb7 Kc2 55. Kf2
Re4 56. Kf3 Re1 57. Kf2 Re4 58. Kf3 Re1 1/2-1/2

[Event "World Cup"]
[Site "Khanty-Mansiysk"]
[Date "2009.11.21"]
[Round "1.1"]
[White "Jobava, Baadur"]
[Black "Robson, Ray"]
[Result "1-0"]
[WhiteElo "2696"]
[BlackElo "2567"]
[Annotator "Krasenkow,M"]
[PlyCount "79"]
[EventDate "2009.11.21"]
[EventType "k.o."]
[EventRounds "7"]
[EventCountry "RUS"]
[SourceTitle "CBM 134"]
[Source "ChessBase"]
[SourceDate "2010.01.18"]
[SourceVersion "1"]
[SourceVersionDate "2010.01.18"]
[SourceQuality "1"]

1. c4 e6 2. Nc3 d5 3. d4 c6 4. e4 dxe4 5. Nxe4 Bb4+ 6. Bd2 Qxd4 7. Bxb4 Qxe4+
8. Be2 Na6 9. Bd6 Qxg2 10. Qd3 $6 $146 {[%mdl 8] A new move in this well-known
position. GM Baadur Jobava had already tested another experimental
continuation:} (10. Qd4 $6 Nh6 11. O-O-O Nf5 12. Qd2 {, and now Black should
have played} Qxf2 $1 {[%cal Rf2e3]} ({instead of} 12... Nxd6 13. Bf3 Qg6 14.
Bxc6+ bxc6 15. Qxd6 $16 {1-0 Jobava,B (2566)-Potkin,V (2493)/Batumi 2002/CBM
090 (34)}) 13. Bc5 Qh4 14. Nf3 Qf6 {- White's compensation for the missing
material is hardly sufficient.}) (10. Qd2 {is the main, recently very popular
line.}) 10... e5 $1 11. O-O-O (11. Qe3 Qxh1 12. Qxe5+ Be6 13. Qxg7 O-O-O 14.
Bf3 Nf6 $1 15. Bxh1 Rhg8 16. Qxg8 Rxg8 17. O-O-O Bxc4 $17) 11... Qg5+ (11... e4
$5 12. Qe3 Be6 13. Bf1 $1 Qxh1 (13... Qg6 14. Ne2 $44) 14. Qg5 Rd8 $1 15. Bg2 (
15. Qxg7 $2 Rxd6) 15... Rxd6 16. Bxh1 Rxd1+ 17. Kxd1 Nf6 $1 {- the
complications end up in a small material advantage for Black, who can now
safely play for a win. If} 18. Qe3 {then} O-O 19. Qxa7 Nb4 $1 20. Qxb7 Nd3 $36)
12. Rd2 Nf6 $2 (12... Bf5 {was a must, with a messy position, e.g.} 13. Qb3 Qg2
(13... O-O-O 14. Nf3 $44) 14. Qxb7 Rd8 15. Nf3 Qxh1+ 16. Rd1 Qg2 (16... Qxd1+
17. Bxd1 Rxd6 18. Qa8+ $1 Ke7 19. Qxa7+ Kf6 20. Qe3 $1 (20. Qxa6 $143 Ne7 $15)
20... e4 21. Qc3+ Ke7 22. Nh4 Nh6 23. Nxf5+ Nxf5 24. Qe5+ Re6 25. Qxf5 $14) 17.
Qxc6+ Bd7 18. Qd5 $44) 13. Nf3 Qf5 14. Nxe5 Qxd3 15. Bxd3 {Despite the queen
exchange, White's compensation for the pawn (a bishop pair and superior
position of pieces) is more than sufficient.} Be6 16. f4 $5 (16. Rg1 Rg8 (16...
O-O-O 17. Nxf7 $1 Bxf7 18. Bf5+ Nd7 19. Rxg7 $16) 17. f4 O-O-O 18. Ba3 {
[%cal Rf4f5]} Nd7 $1 19. Nxd7 Rxd7 $1 20. f5 Rxd3 21. Rxd3 Bxf5 22. Re3 Be6 23.
b3 $14) 16... O-O-O 17. f5 Rxd6 18. fxe6 fxe6 (18... Nc5 $5 19. Nxf7 Nxd3+ 20.
Kb1 Rxe6 21. Nxh8 Re3 22. Nf7 $14) 19. Nf7 Rhd8 {It is not easy to say whether
it was better to leave White a knight:} (19... Rxd3 20. Rxd3 Rf8 21. Nd6+ Kc7
22. Rhd1 Nc5 23. Rg3 Rg8 24. b4 $14) 20. Nxd6+ Rxd6 $14 {Materialwise, Black
is OK but his a6 knight is out of play, and his kingside is vulnerable.} 21.
Rg1 g6 $2 {[%mdl 16384] It was absolutely crucial to avoid the exchange of
rooks:} (21... Rd7 $142 22. Bc2 Re7 {After} 23. Rdg2 {Black must play} g6 {
anyway but it doesn't lead to an immediate catastrophy:} 24. Rf1 Ne8 25. Kd2
$14) 22. Rf1 Nd7 (22... Nc5 23. Rxf6 Nxd3+ 24. Kc2 Nb4+ 25. Kd1 Nd3 26. Ke2
Nc1+ 27. Ke3 $18) 23. Be2 $5 (23. Bc2 $1 {[%cal Gc2h7] was probably even more
accurate.}) 23... Rxd2 24. Kxd2 {White's remaining rook will now invade
Black's camp and start collecting harvest.} Ne5 (24... Nac5 25. Ke3 $1) 25.
Rf8+ Kd7 26. Rh8 Nf7 27. Rxh7 Ke7 28. Rg7 Kf6 29. Rg8 Nc5 30. b4 Nd7 31. Ra8 a6
32. c5 Ke7 33. a4 Nd8 34. h4 Nf6 35. Bd3 Kd7 36. Bxg6 Kc7 37. h5 Ng4 38. Kd3
Ne5+ 39. Ke4 Nd7 40. Kf4 1-0

[Event "Nanjing Pearl Spring 2nd"]
[Site "Nanjing"]
[Date "2009.10.09"]
[Round "10"]
[White "Carlsen, Magnus"]
[Black "Jakovenko, Dmitrij"]
[Result "1-0"]
[WhiteElo "2772"]
[BlackElo "2742"]
[Annotator "Krasenkow,M"]
[PlyCount "75"]
[EventDate "2009.09.28"]
[EventType "tourn"]
[EventRounds "10"]
[EventCountry "CHN"]
[EventCategory "21"]
[SourceTitle "CBM 133"]
[Source "ChessBase"]
[SourceDate "2009.11.19"]
[SourceVersion "1"]
[SourceVersionDate "2009.11.19"]
[SourceQuality "1"]

1. d4 d5 2. c4 e6 3. Nc3 Be7 4. cxd5 exd5 5. Bf4 c6 6. Qc2 Bd6 7. Bxd6 Qxd6 8.
e3 Ne7 {A detailed review of this line is given in annotations to Onischuk -
Kovacs in this issue.} 9. Bd3 b6 10. Nf3 Ba6 11. O-O Bxd3 12. Qxd3 Nd7 (12...
O-O $142 13. e4 dxe4 14. Nxe4 Qd5) 13. e4 $1 {[%mdl 32] This is now extremely
effective.} O-O ({The point is that after} 13... dxe4 14. Nxe4 Qd5 {(or
elswhere)} (14... Qe6 15. Qa3 O-O $2 16. Nfg5 $18) 15. Qa3 $1 {Black will not
be able to castle! Therefore Dmitry Jakovenko decides to let the e4-pawn move
forward.}) 14. e5 $14 {White now has an edge due to his space advantage.} Qe6
15. Rae1 Rfe8 (15... f6 $5) 16. Nh4 $1 {[%cal Yf2f4,Yf4f5]} Ng6 (16... f5 $5 {
It would take White a lot of time to prepare g2-g4.}) 17. Nxg6 Qxg6 18. Qd2 Nf8
(18... f5 {[%cal Yd7f8]}) 19. f4 Qf5 $2 (19... f5 {was possible here, too.
Instead, Black blocks White's f-pawn with his queen, which proves ineffective.}
) 20. Nd1 f6 21. Ne3 Qd7 22. Qd3 {[%cal Re3f5,Rf5d6]} fxe5 {Black finds a way
to parry White's threat but White now obtains a crushing pawn avalanche. One
of Philidor's model games had a similar course.} 23. dxe5 Ne6 24. f5 Nc5 25.
Qd4 {[%cal Ye5e6,Ye3g4,Yf5f6]} Ne4 {Desperation, rather than a blunder. White
now wins a pawn and then converts his material advantage.} 26. Nxd5 $1 {
[%mdl 64]} Qxd5 (26... cxd5 27. Rxe4 $18) 27. Qxe4 Rad8 28. e6 (28. f6 $5)
28... Qxe4 29. Rxe4 Rd6 (29... Rd2 30. b4 $1 (30. g4 $143 Rxb2 31. g5 Rb5 32.
h4 Kf8 33. f6 Rd5) 30... Rxa2 31. Rc1 Rc8 32. Rec4 $18) 30. g4 Kf8 31. g5 Ke7
32. Kg2 Rd5 33. Kg3 Kd6 34. h4 c5 35. f6 gxf6 36. gxf6 Rd3+ 37. Kh2 Rd2+ 38.
Kh1 1-0